000 00289nam a22001217a 4500
008 181218b xxu||||| |||| 00| 0 eng d
041 _aeng
080 _a038
100 _a23
101 _aFJA
245 _aThe Random House Dictionary of the English Language
_cStein,J
942 _2udc
_cBK
999 _c53340
_d53340